000
00281nam a2200109Ia 4500
005
20251222114344.0
008
251222s1900||||xx |||||||||||||| ||spa||
082
_a
DVD0093/P55/2006
245
0
_a
Consejos prácticos para la madre reciente o embarazada
264
_b
PIGEON
942
_c
DVD
999
_c
985
_d
985